La raíz del sol : novela /

में बचाया:
ग्रंथसूची विवरण
मुख्य लेखक: Velázquez Martínez, Rubén (लेखक)
स्वरूप: इलेक्ट्रोनिक ई-पुस्तक
भाषा:स्पेनिश
प्रकाशित: Bogotá, Colombia : Editorial Oveja Negra, abril 2015.
संस्करण:1a edición.
विषय:
ऑनलाइन पहुंच:Digitalia Hispánica
टैग: टैग जोड़ें
कोई टैग नहीं, इस रिकॉर्ड को टैग करने वाले पहले व्यक्ति बनें!

MARC

LEADER 00000nam a2200000Ia 4500
001 DIGOVENEG242
003 NyNyDIG
008 150928s2015 ck o 000 1 spa d
006 m o d
007 cr |||||||||||
040 |a DGITA  |b eng  |e rda  |e pn  |c DGITA 
020 |z 9789580613022 
020 |z 9580613028 
050 4 |a PQ7298.432.E443 ebook 
100 1 |a Velázquez Martínez, Rubén,  |e author. 
245 1 3 |a La raíz del sol :  |b novela /  |c Rubén Velázquez Martínez. 
250 |a 1a edición. 
264 1 |a Bogotá, Colombia :  |b Editorial Oveja Negra,  |c abril 2015. 
300 |a 1 online resource. 
336 |a text  |b txt  |2 rdacontent 
337 |a computer  |b c  |2 rdamedia 
338 |a online resource  |b cr  |2 rdacarrier 
588 0 |a Online resource; title from PDF title page (Digitalia, viewed September 28, 2015) 
655 0 |a Electronic books. 
791 2 |a Digitalia (Firm),  |e distributor. 
793 0 |g Digitalia eBook Collection:  |a Editorial Oveja Negra. 
776 0 8 |i Print version:  |a Velázquez Martínez, Rubén.  |t Raíz del sol.  |d Bogotá : Editorial Oveja Negra, 2015.  |z 9789580613022 
856 4 0 |3 Digitalia Hispánica  |u https://digitalia.unach.elogim.com/a/37789/